MCU Phase 2 Character Runtimes - Statistics

General Stats
  • This quiz has been taken 51 times
  • The average score is 39 of 60
Answer Stats
Hint Answer % Correct
59:00 Steve Rogers/Captain America
100%
21:45 Steve Rogers/Captain America
100%
35:00 Thor
100%
13:15 Thor
100%
62:15 Tony Stark
100%
27:15 Tony Stark
100%
31:00 Gamora
97%
14:45 Groot
97%
24:45 Hank Pym
97%
24:45 Natasha Romanoff
97%
18:00 Natasha Romanoff
97%
18:00 Pepper Potts
97%
19:30 Rocket
97%
50:30 Scott Lang
97%
20:00 Bruce Banner/Hulk
94%
18:00 Drax
94%
46:45 Peter Quill
94%
17:00 Ultron
91%
13:15 Bucky Barnes
88%
15:00 Clint Barton/Hawkeye
88%
25:00 Jane Foster
84%
12:00 Wanda Maximoff
84%
17:30 Loki
81%
15:30 Nick Fury
81%
10:00 Pietro Maximoff
75%
9:45 Rhodey
75%
7:45 Ronan
72%
6:15 Vision
72%
14:30 Darren Cross/Yellowjacket
69%
15:45 Hope van Dyne
69%
9:00 Odin
69%
14:15 Sam Wilson/Falcon
69%
2:45 Sam Wilson/Falcon
69%
4:30 Cassie Lang
66%
6:15 Happy Hogan
66%
4:30 Nebula
66%
8:45 Malekith
59%
7:30 Trevor Slattery/Mandarin
59%
6:30 Erik Selvig
56%
3:15 Maria Hill
56%
12:00 Aldrich Killian
53%
4:15 Heimdall
50%
8:45 Darcy Lewis
47%
12:45 Alexander Pierce
44%
2:30 The Collector
44%
7:00 Luis
41%
6:15 Brock Rumlow
31%
2:30 Sharon Carter
31%
4:00 Jasper Sitwell
28%
2:45 Dave
25%
6:15 Harley Keener
25%
4:30 Jim Paxton
25%
2:45 Kurt
25%
8:45 Maya Hansen
22%
3:00 Ellen Brandt
19%
6:00 Yondu Udonta
19%
6:15 Algrim
16%
6:00 Ian Boothby
16%
3:00 Rhomann Dey
13%
6:00 Eric Savin
9%
No matching quizzes found
Score Distribution
Percent of People with Each Score
Percentile by Number Answered
Your Score History
You have not taken this quiz